| 000 | 00922 a2200241 4500 | ||
|---|---|---|---|
| 999 |
_c10422 _d10422 |
||
| 020 | _a9780128192122 | ||
| 050 | _aRC523. NAT 2021 | ||
| 100 |
_aBelwal, Tarun _eeditor |
||
| 245 | 0 | 0 |
_aNaturally occurring chemicals against alzheimer's disease / _cTarun Belwal, Seyed Mohammad Nabavi, Seyed Fazel Nabavi, Ahmad Reza Dehpour, Samira Shirooie. |
| 264 | 1 |
_aSan Diego : _bElsevier, _c2021. |
|
| 300 |
_axxvii., 503 pages.,21 cm _b1 online resource : illustrations (some color) |
||
| 500 | _aIncludes index | ||
| 650 |
_aAlzheimer's disease _xTreatment. |
||
| 650 |
_a Phytochemicals _xTherapeutic use. |
||
| 650 | _aAlzheimer Disease. | ||
| 700 | 1 |
_aBelwal, Tarun, _eeditor. |
|
| 700 | 1 |
_aNabavi, Seyed Mohammad, _eeditor. |
|
| 700 | 1 |
_aNabavi, Seyed Fazel, _eeditor. |
|
| 700 | 1 |
_aDehpour, Ahmad Reza, _eeditor. |
|
| 700 | 1 |
_aShirooie, Samira, _eeditor. |
|
| 942 |
_2lcc _cBK _h523 _iNAT _kRC |
||